<?xml version="1.0" encoding="UTF-8"?>
<collection xmlns="http://www.loc.gov/MARC21/slim">
<record>
  <controlfield tag="001">259748</controlfield>
  <controlfield tag="005">20231010184957.0</controlfield>
  <datafield tag="035" ind1=" " ind2=" ">
    <subfield code="a">G:(GEPRIS)417618807</subfield>
  </datafield>
  <datafield tag="024" ind1="7" ind2=" ">
    <subfield code="a">G:(GEPRIS)417618807</subfield>
    <subfield code="d">417618807</subfield>
  </datafield>
  <datafield tag="040" ind1=" " ind2=" ">
    <subfield code="a">GEPRIS</subfield>
    <subfield code="c">http://gepris.its.kfa-juelich.de</subfield>
  </datafield>
  <datafield tag="150" ind1=" " ind2=" ">
    <subfield code="a">Biophysikalische und molekulare Mechanismen der Mittelwert- und Varianzadaptation auditorischer Rezeptorneurone in Drosophila (A10*)</subfield>
    <subfield code="y">2019 - 2022</subfield>
  </datafield>
  <datafield tag="371" ind1=" " ind2=" ">
    <subfield code="a">Professor Dr. Jan Clemens</subfield>
  </datafield>
  <datafield tag="450" ind1=" " ind2=" ">
    <subfield code="a">SFB 889 A10</subfield>
    <subfield code="w">d</subfield>
    <subfield code="y">2019 - 2022</subfield>
  </datafield>
  <datafield tag="510" ind1="1" ind2=" ">
    <subfield code="a">Deutsche Forschungsgemeinschaft</subfield>
    <subfield code="0">I:(DE-588b)2007744-0</subfield>
    <subfield code="b">DFG</subfield>
  </datafield>
  <datafield tag="550" ind1=" " ind2=" ">
    <subfield code="0">G:(GEPRIS)154113120</subfield>
    <subfield code="a">SFB 889: Zelluläre Mechanismen Sensorischer Verarbeitung</subfield>
    <subfield code="w">t</subfield>
  </datafield>
  <datafield tag="680" ind1=" " ind2=" ">
    <subfield code="a">Mechanosensorische Neurone im “Ohr” von Drosophila implementieren zwei mechanistisch getrennte Formen von Adaptation – auf den Mittelwert und die Varianz von Empfängerauslenkungen. Durch genetische Werkzeuge (RNAi, MiMIC) werden wir die Funktionen von potentiell involvierten Molekülen manipulieren und resultierende Änderungen in der Adaptation in unterschiedlichen zellulären Kompartimenten mittels Zweiphotonen Kalzium- und Spannungs-Imaging oder Elektrophysiologie auslesen. Experimentelle Befunde werden mit einem Computermodell der Stimulustransformation im Fliegenohr ausgewertet und in ein funktionelles Modell von Adaptation integriert.</subfield>
  </datafield>
  <datafield tag="909" ind1="C" ind2="O">
    <subfield code="o">oai:juser.fz-juelich.de:926351</subfield>
    <subfield code="p">authority:GRANT</subfield>
    <subfield code="p">authority</subfield>
  </datafield>
  <datafield tag="980" ind1=" " ind2=" ">
    <subfield code="a">G</subfield>
  </datafield>
  <datafield tag="980" ind1=" " ind2=" ">
    <subfield code="a">AUTHORITY</subfield>
  </datafield>
  <datafield tag="909" ind1="C" ind2="O">
    <subfield code="o">oai:juser.fz-juelich.de:926351</subfield>
  </datafield>
</record>
</collection>